Từ điển thuật ngữ ngoại thương và hàng hải Anh-Việt
保存先:
| フォーマット: | 不明 |
|---|---|
| 出版事項: |
2003
|
| タグ: |
タグ追加
タグなし, このレコードへの初めてのタグを付けませんか!
|
| Thư viện lưu trữ: | Mạng thư viện Đại học Đà Nẵng |
|---|
| LEADER | 00481na a2200181 4500 | ||
|---|---|---|---|
| 001 | 000032410 | ||
| 003 | 8498 | ||
| 005 | 20151002091336.0 | ||
| 008 | 151002s2003 000 | ||
| 082 | |a 423 | ||
| 245 | |a Từ điển thuật ngữ ngoại thương và hàng hải Anh-Việt |c Đỗ Hữu Vinh | ||
| 260 | |c 2003 | ||
| OWN | |a LNN | ||
| 999 | |a From the UDN01 | ||
| TYP | |a Printed language | ||
| 980 | |a Mạng thư viện Đại học Đà Nẵng | ||